Datapedia of the United States (Record no. 47201)
[ view plain ]
| 000 -LEADER | |
|---|---|
| fixed length control field | 01349nam a22003254a 4500 |
| 082 04 - DEWEY DECIMAL CLASSIFICATION NUMBER | |
| Classification number | 317.3 |
| 245 00 - TITLE STATEMENT | |
| Title | Datapedia of the United States |
| 250 ## - EDITION STATEMENT | |
| Edition statement | 3rd ed. |
| 260 ## - PUBLICATION, DISTRIBUTION, ETC. (IMPRINT) | |
| Place of publication | Lanham, MD : |
| Name of publisher | Bernan Press, |
| Year of publication | 2004. |
| 300 ## - PHYSICAL DESCRIPTION | |
| Number of Pages | xvii, 506 p. : |
| Other physical details | ill. |
| 500 ## - GENERAL NOTE | |
| General note | Rev. ed. of: Datapedia of the United States, 1790-2005 / George Thomas Kurian. 2nd ed. 2001. |
| 700 1# - ADDED ENTRY--PERSONAL NAME | |
| Personal name | Kurian, George Thomas. |
| Personal name | Kurian, George Thomas. |
| 856 40 - ELECTRONIC LOCATION AND ACCESS | |
| Uniform Resource Identifier | http://site.ebrary.com/lib/rucke/Doc?id=10063407 |
No items available.
